| 000 | 00463cam a2200181ua 4500 | ||
|---|---|---|---|
| 001 | 10549 | ||
| 008 | 190315n ii |||gr||||Z||||||eng | ||
| 020 | _a8173041571 | ||
| 040 | _cMAIN | ||
| 082 | _a320.50954 | ||
| 100 |
_aV R Mehta, _eAuthor. |
||
| 245 |
_aFoundations of indian political thought _ban interpretation |
||
| 250 | _a13th rep. | ||
| 260 |
_aNew Delhi: _bManohar publishers, _c2018. |
||
| 300 | _a306p. | ||
| 653 | _aPolitical science | ||
| 942 | _cBK | ||
| 999 |
_c9522 _d9522 |
||